[Event "FIDE World Uni Rapid-E 1st"]
[Site "Tornelo INT"]
[Date "2021.03.21"]
[Round "12"]
[White "Kirilin, Dmitrij"]
[Black "Villacorta Nicolas, David"]
[Result "1/2-1/2"]
[WhiteElo "2093"]
[BlackElo "2153"]
[PlyCount "195"]
[EventDate "2021.03.20"]
[EventType "swiss (rapid)"]
[EventRounds "12"]
[EventCountry "NET"]
[SourceTitle "EXT 2022"]
[Source "ChessBase"]
[SourceDate "2021.10.06"]
[SourceVersion "1"]
[SourceVersionDate "2021.10.06"]
[SourceQuality "1"]

1. Nf3 Nf6 2. c4 g6 3. Nc3 c5 4. d4 cxd4 5. Nxd4 Bg7 6. e4 d6 7. Be2 0-0 8. 0-0 Nc6 9. Be3 Bd7 10. f3 Nxd4 11. Bxd4 Bc6 12. b4 b6 13. Qd2 Nd7 14. Rfc1 f5 15. Bxg7 Kxg7 16. exf5 Rxf5 17. Bd3 Rf8 18. Ne4 Bxe4 19. Bxe4 Rc8 20. Qd4+ Nf6 21. Re1 Qc7 22. Bd3 e5 23. Qe3 Rfe8 24. Bf1 d5 25. cxd5 Nxd5 26. Qb3 Rcd8 27. Rac1 Qe7 28. a3 Nf6 29. Rc6 Qd7 30. Rec1 Qd4+ 31. Kh1 Re7 32. Re6 Rxe6 33. Qxe6 Qd6 34. Qxd6 Rxd6 35. Kg1 Kf7 36. Rc7+ Rd7 37. Rc6 Ke7 38. Bc4 Rd6 39. Rc8 Rd8 40. Rxd8 Kxd8 41. Kf2 Ke7 42. Ke3 g5 43. Bd3 h6 44. Be4 Kd6 45. Kd3 Ne8 46. Kc4 Nc7 47. Bb7 Ke6 48. Bc8+ Kf6 49. Kd3 Nb5 50. a4 Nd6 51. Bd7 Ke7 52. Bc6 Kf6 53. g3 Ke6 54. Kc3 Kf5 55. a5 Ke6 56. axb6 axb6 57. Kb3 Kf5 58. Bd7+ Kf6 59. Kc3 Ke7 60. Bc6 Ke6 61. Kd3 Nf5 62. Kc4 Nd6+ 63. Kd3 Nf5 64. Be4 Nd6 65. Bh7 Kf6 66. Bg8 Kg7 67. Bd5 Kf6 68. Ke3 Nf5+ 69. Ke2 Nd6 70. Kd2 Nf5 71. Kd3 Nd6 72. Bb3 Ke7 73. Ke2 Kf6 74. Ke3 Ke7 75. f4 gxf4+ 76. gxf4 Kf6 77. fxe5+ Kxe5 78. Kf3 Kf5 79. Bc2+ Kg5 80. Ke3 Ne8 81. Kd4 Nc7 82. Bd3 Kf6 83. Bc4 Kf5 84. Bf1 Kf6 85. Bh3 Na6 86. Kc4 Nxb4 87. Kxb4 Kg7 88. Kb5 h5 89. Kxb6 h4 90. Kc6 Kh8 91. Kd6 Kg7 92. Ke5 Kh8 93. Kf6 Kh7 94. Bf5+ Kh8 95. Kf7 h3 96. Bxh3 Kh7 97. Bf5+ Kh8 98. h3 1/2-1/2

[Event "FIDE World Uni Blitz-B 1st"]
[Site "Tornelo INT"]
[Date "2021.03.13"]
[Round "9.40"]
[White "Perez Olaguivel, Rolando German"]
[Black "Villacorta Nicolas, David"]
[Result "0-1"]
[WhiteElo "1714"]
[BlackElo "2153"]
[PlyCount "72"]
[EventDate "2021.03.13"]
[EventType "swiss (blitz)"]
[EventRounds "10"]
[EventCountry "NET"]
[SourceTitle "EXT 2022"]
[Source "ChessBase"]
[SourceDate "2021.10.06"]
[SourceVersion "1"]
[SourceVersionDate "2021.10.06"]
[SourceQuality "1"]

1. d4 Nf6 2. c4 c5 3. d5 b5 4. cxb5 a6 5. bxa6 g6 6. Nc3 Bg7 7. e4 d6 8. Nf3 0-0 9. Be2 Bxa6 10. 0-0 Nbd7 11. a4 Qa5 12. Ra3 Rfb8 13. Qc2 Ng4 14. h3 Nge5 15. Bg5 Nxf3+ 16. gxf3 Bxe2 17. Qxe2 Bxc3 18. bxc3 f6 19. Be3 Qa6 20. Qd2 Ne5 21. Kg2 Nc4 22. Qc1 Nxa3 23. Qxa3 Qxa4 24. Qc1 Qa3 25. Qd2 Qb2 26. Qd3 Ra3 27. Bh6 Qxc3 28. Qe2 Rb2 29. Qd1 Qc2 30. Qe1 Qc3 31. Qd1 Qb3 32. Qxb3 Rbxb3 33. f4 Rxh3 34. Rh1 Rxh1 35. Kxh1 Rh3+ 36. Kg2 Rxh6 0-1

[Event "FIDE World Uni Blitz-B 1st"]
[Site "Tornelo INT"]
[Date "2021.03.13"]
[Round "7.37"]
[White "Sharan, Rao"]
[Black "Villacorta Nicolas, David"]
[Result "1-0"]
[WhiteElo "1992"]
[BlackElo "2153"]
[PlyCount "67"]
[EventDate "2021.03.13"]
[EventType "swiss (blitz)"]
[EventRounds "10"]
[EventCountry "NET"]
[SourceTitle "EXT 2022"]
[Source "ChessBase"]
[SourceDate "2021.10.06"]
[SourceVersion "1"]
[SourceVersionDate "2021.10.06"]
[SourceQuality "1"]

1. Nf3 Nf6 2. b3 g6 3. Bb2 Bg7 4. e3 0-0 5. d4 d6 6. Be2 c5 7. 0-0 b6 8. c4 Bb7 9. Nc3 Nbd7 10. Rc1 Rc8 11. Qc2 cxd4 12. Nxd4 Nc5 13. Bf3 Bxf3 14. Nxf3 Qc7 15. Rfd1 Qb7 16. Nd4 Nfe4 17. Nxe4 Qxe4 18. Qe2 h5 19. h3 a6 20. Nf3 Bxb2 21. Qxb2 h4 22. Rd4 Qf5 23. Rxh4 e5 24. Rd1 Nd3 25. Qc3 g5 26. Rg4 f6 27. Qxd3 Qxd3 28. Rxd3 Kf7 29. Rxd6 b5 30. Rxa6 bxc4 31. Rxc4 Rxc4 32. bxc4 Rc8 33. Nd2 Rb8 34. Ne4 1-0

[Event "FIDE World Uni Blitz-B 1st"]
[Site "Tornelo INT"]
[Date "2021.03.13"]
[Round "2.39"]
[White "Villacorta Nicolas, David"]
[Black "Olendo, Sara Francine"]
[Result "0-1"]
[WhiteElo "2153"]
[BlackElo "1692"]
[PlyCount "126"]
[EventDate "2021.03.13"]
[EventType "swiss (blitz)"]
[EventRounds "10"]
[EventCountry "NET"]
[SourceTitle "EXT 2022"]
[Source "ChessBase"]
[SourceDate "2021.10.06"]
[SourceVersion "1"]
[SourceVersionDate "2021.10.06"]
[SourceQuality "1"]

1. e4 d6 2. d4 Nf6 3. Nc3 g6 4. Bg5 Bg7 5. e5 Nfd7 6. f4 h6 7. Bh4 0-0 8. Nf3 Nb6 9. Be2 Nc6 10. 0-0 Bf5 11. Bd3 Bxd3 12. Qxd3 dxe5 13. fxe5 Nd5 14. Nxd5 Qxd5 15. c4 Qd7 16. Rad1 Rad8 17. Rfe1 Qg4 18. h3 Qd7 19. d5 Nb4 20. Qb1 g5 21. Bf2 a5 22. Nd4 Qa4 23. Nf5 e6 24. Nxg7 Kxg7 25. Bc5 Rfe8 26. Bxb4 Qxb4 27. Kh1 Qxc4 28. d6 cxd6 29. exd6 Qf4 30. Rf1 Qe5 31. Rfe1 Qf5 32. Qxf5 exf5 33. Rf1 Kf6 34. Rf2 Re5 35. Rfd2 Ke6 36. Kg1 f4 37. Kf2 f5 38. b3 g4 39. Rd4 Re4 40. Rd5 h5 41. Rxa5 Rd7 42. Rb5 Re5 43. Rb6 f3 44. gxf3 gxh3 45. Kg3 f4+ 46. Kxh3 Rd5 47. Rxd5 Kxd5 48. a4 Kd4 49. Kh4 Ke3 50. Kxh5 Kxf3 51. a5 Ke3 52. a6 bxa6 53. Rxa6 f3 54. Kg4 f2 55. Ra1 Ke2 56. Ra2+ Ke1 57. Ra1+ Ke2 58. Ra2+ Ke3 59. Ra1 Rxd6 60. Kg3 Rg6+ 61. Kh2 Ke2 62. Ra2+ Kf3 63. b4 Rh6# 0-1

[Event "FISU World University"]
[Site "Tornelo INT"]
[Date "2020.10.26"]
[Round "1.7"]
[White "Livaic, Leon"]
[Black "Villacorta Nicolas, David"]
[Result "1-0"]
[WhiteElo "2507"]
[BlackElo "2153"]
[PlyCount "83"]
[EventDate "2020.10.26"]
[EventType "team-swiss (rapid)"]
[EventRounds "9"]
[EventCountry "NET"]
[SourceTitle "CBM 199 Extra"]
[Source "ChessBase"]
[SourceDate "2021.01.31"]
[SourceVersion "1"]
[SourceVersionDate "2021.01.31"]
[SourceQuality "1"]
[WhiteTeam "Croatia"]
[BlackTeam "Spain"]
[WhiteTeamCountry "CRO"]
[BlackTeamCountry "ESP"]

1. d4 Nf6 2. Bf4 g6 3. Nc3 d5 4. e3 Bg7 5. h4 h5 6. Nf3 Bg4 7. Qd2 c6 8. Ne5 Be6 9. 0-0-0 Nbd7 10. f3 Nxe5 11. Bxe5 b5 12. Kb1 a5 13. Bd3 0-0 14. Rdg1 Qd7 15. Qe2 a4 16. a3 Qb7 17. Na2 Qd7 18. g4 hxg4 19. h5 gxh5 20. Bxf6 exf6 21. Rxh5 Rfb8 22. fxg4 Kf8 23. Rh7 c5 24. dxc5 Qc6 25. Qh2 Qxc5 26. Rh1 Qxe3 27. Qd6+ Kg8 28. R7h3 Qe5 29. Bh7+ Kh8 30. Qb4 Ra7 31. Rh5 Qg3 32. R5h3 Qe5 33. Bf5+ Kg8 34. Re1 Qc7 35. Rxe6 fxe6 36. Bxe6+ Qf7 37. Bxf7+ Rxf7 38. Nc3 Rd7 39. Qf4 Rbb7 40. Rd3 b4 41. axb4 f5 42. Nxd5 1-0

[Event "Collado Villalba op-A 36th"]
[Site "Collado Villalba"]
[Date "2019.08.29"]
[Round "7"]
[White "Villacorta Nicolas, David"]
[Black "Longa Yauca, Javier"]
[Result "0-1"]
[WhiteElo "2003"]
[BlackElo "2239"]
[PlyCount "112"]
[EventDate "2019.08.23"]
[EventType "swiss"]
[EventRounds "9"]
[EventCountry "ESP"]
[SourceTitle "CBM 192 Extra"]
[Source "Chessbase"]
[SourceDate "2019.11.06"]
[SourceVersion "1"]
[SourceVersionDate "2019.11.06"]
[SourceQuality "1"]

1. e4 b6 2. d4 Bb7 3. Bd3 e6 4. Nf3 d6 5. 0-0 Nd7 6. c4 Ne7 7. Re1 e5 8. Nc3 g6 9. dxe5 dxe5 10. Bc2 Bg7 11. Ba4 c6 12. Be3 Qc7 13. b4 0-0 14. Qe2 Rfd8 15. Red1 Nf8 16. c5 Ne6 17. Bb3 Nd4 18. Qc4 Nxb3 19. Qxb3 h6 20. a4 Rxd1+ 21. Rxd1 Bc8 22. Qc4 Be6 23. Qa6 Rb8 24. Qd3 g5 25. h3 Ng6 26. Qd6 Qc8 27. b5 bxc5 28. Qxc6 Qxc6 29. bxc6 Rc8 30. Nb5 Rxc6 31. Nxa7 Ra6 32. Bxc5 Rxa4 33. Nd2 Bf8 34. Bxf8 Kxf8 35. Nb5 Nf4 36. Nc3 Rd4 37. Ndb1 Rc4 38. f3 h5 39. Kf2 Rb4 40. Nd2 Rb2 41. Ne2 Bb3 42. Nxb3 Rxe2+ 43. Kf1 Rxg2 44. Nc5 Rh2 45. Rd8+ Ke7 46. Rd7+ Ke8 47. Rc7 Rxh3 48. Kf2 g4 49. fxg4 hxg4 50. Rc8+ Ke7 51. Rg8 Rf3+ 52. Kg1 g3 53. Ra8 Rc3 54. Ra7+ Kf8 55. Nd7+ Kg7 56. Ra1 Rc2 0-1

[Event "ESP-ch U18"]
[Site "Salobrena"]
[Date "2019.07.26"]
[Round "8"]
[White "Villacorta Nicolas, David"]
[Black "Alonso Lazaro, Adrian"]
[Result "1-0"]
[WhiteElo "2039"]
[BlackElo "1848"]
[PlyCount "57"]
[EventDate "2019.07.22"]
[EventType "swiss"]
[EventRounds "9"]
[EventCountry "ESP"]
[SourceTitle "CBM 191 Extra"]
[Source "ChessBase"]
[SourceDate "2019.09.30"]
[SourceVersion "1"]
[SourceVersionDate "2019.09.30"]
[SourceQuality "1"]

1. e4 c5 2. Nf3 e6 3. d4 cxd4 4. Nxd4 Nc6 5. Nc3 Qc7 6. Be3 a6 7. f4 Bb4 8. Qd2 Nf6 9. Bd3 Ng4 10. Bg1 0-0 11. Nde2 b5 12. a3 Ba5 13. h3 Nf6 14. e5 Nd5 15. Bc5 Re8 16. b4 Nxc3 17. Nxc3 Bb6 18. Bd6 Qd8 19. Ne4 Nd4 20. Ng5 h6 21. Bh7+ Kh8 22. Nxf7+ Kxh7 23. Nxd8 Rxd8 24. Qd3+ Kg8 25. Bc5 Bxc5 26. bxc5 Nf5 27. g4 Ne7 28. f5 Bb7 29. 0-0 1-0

[Event "Mondariz IM"]
[Site "Mondariz"]
[Date "2018.08.30"]
[Round "9"]
[White "Renteria Becerra, Jorge Elicer"]
[Black "Villacorta Nicolas, David"]
[Result "1/2-1/2"]
[WhiteElo "2280"]
[BlackElo "2159"]
[PlyCount "134"]
[EventDate "2018.08.24"]
[EventType "tourn"]
[EventRounds "9"]
[EventCountry "ESP"]
[EventCategory "1"]
[SourceTitle "CBM 186 Extra"]
[Source "ChessBase"]
[SourceDate "2018.08.24"]
[SourceVersion "1"]
[SourceVersionDate "2018.08.24"]
[SourceQuality "1"]

1. d4 Nf6 2. Nf3 c5 3. d5 e6 4. c4 b5 5. Bg5 h6 6. Bxf6 Qxf6 7. Qc2 b4 8. e4 d6 9. a3 Nd7 10. Bd3 g5 11. 0-0 Bg7 12. axb4 0-0 13. bxc5 Nxc5 14. Nc3 exd5 15. cxd5 Bg4 16. Nd2 Rab8 17. Bc4 Rb7 18. Ra2 Rfb8 19. f3 Bd7 20. Kh1 Rb4 21. Re1 Qd4 22. Ne2 Qf2 23. Rf1 Qe3 24. b3 a6 25. Ng3 Bc3 26. Qd1 R8b6 27. Rc2 Be5 28. Nh5 Kf8 29. Be2 Rd4 30. Qe1 Nd3 31. Bxd3 Qxd3 32. Nc4 Qxc2 33. Nxb6 Bb5 34. Rg1 Rd2 35. Nc4 Bxc4 36. bxc4 Bd4 37. Qg3 Be5 38. f4 gxf4 39. Qg4 Qa4 40. c5 dxc5 41. Qc8+ Ke7 42. Qb7+ Qd7 43. Qxa6 Qd6 44. Qa7+ Qc7 45. Qa6 Qd6 46. Qa5 Rb2 47. Qa3 c4 48. Qa7+ Qc7 49. Qa3+ Qd6 50. Qa7+ Kf8 51. g3 fxg3 52. Nxg3 Qb8 53. Qa6 c3 54. Qxh6+ Bg7 55. Qh4 Rb1 56. Rxb1 Qxb1+ 57. Kg2 Qb6 58. Qg4 Qc7 59. d6 Qc6 60. Nh5 Be5 61. d7 Qc7 62. Qg5 Qxd7 63. Qxe5 Qd2+ 64. Kf3 c2 65. Qb8+ Ke7 66. Qc7+ Kf8 67. Qb8+ Ke7 1/2-1/2

[Event "Mondariz IM"]
[Site "Mondariz"]
[Date "2018.08.30"]
[Round "8"]
[White "Villacorta Nicolas, David"]
[Black "Senlle Caride, Miguel"]
[Result "0-1"]
[WhiteElo "2159"]
[BlackElo "2311"]
[PlyCount "92"]
[EventDate "2018.08.24"]
[EventType "tourn"]
[EventRounds "9"]
[EventCountry "ESP"]
[EventCategory "1"]
[SourceTitle "CBM 186 Extra"]
[Source "ChessBase"]
[SourceDate "2018.08.24"]
[SourceVersion "1"]
[SourceVersionDate "2018.08.24"]
[SourceQuality "1"]

1. e4 c5 2. Nf3 d6 3. d4 cxd4 4. Nxd4 Nf6 5. f3 e5 6. Bb5+ Nbd7 7. Nf5 d5 8. exd5 a6 9. Ba4 b5 10. Bb3 Nb6 11. Ne3 Bb7 12. Nc3 b4 13. Ne4 Nxe4 14. fxe4 Qh4+ 15. g3 Qxe4 16. 0-0 Bc5 17. Qf3 Qxf3 18. Rxf3 Nxd5 19. Kf1 Nxe3+ 20. Bxe3 Bxf3 21. Ba4+ Kd8 22. Bxc5 a5 23. Kf2 Bg4 24. h3 Be6 25. Rd1+ Kc7 26. Rd6 Rhc8 27. g4 Kb7 28. Rb6+ Kc7 29. Rd6 Rab8 30. g5 Rb7 31. Rc6+ Kd8 32. Bb6+ Rxb6 33. Rxb6 Rc5 34. h4 Kc7 35. Rb5 Rxb5 36. Bxb5 f5 37. gxf6 gxf6 38. a3 Kd6 39. axb4 axb4 40. c3 bxc3 41. bxc3 e4 42. c4 f5 43. Ke3 Ke5 44. c5 f4+ 45. Kf2 Bd5 46. c6 Kd6 0-1

[Event "Mondariz IM"]
[Site "Mondariz"]
[Date "2018.08.28"]
[Round "5"]
[White "Fernandez Lopez, Ruben"]
[Black "Villacorta Nicolas, David"]
[Result "1-0"]
[WhiteElo "2106"]
[BlackElo "2159"]
[PlyCount "77"]
[EventDate "2018.08.24"]
[EventType "tourn"]
[EventRounds "9"]
[EventCountry "ESP"]
[EventCategory "1"]
[SourceTitle "CBM 186 Extra"]
[Source "ChessBase"]
[SourceDate "2018.08.24"]
[SourceVersion "1"]
[SourceVersionDate "2018.08.24"]
[SourceQuality "1"]

1. e4 e5 2. Nf3 Nc6 3. Bb5 Bc5 4. c3 Bb6 5. 0-0 Nf6 6. d4 0-0 7. Bg5 h6 8. Bxf6 Qxf6 9. Bxc6 Qxc6 10. Nxe5 Qxe4 11. Nd2 Qd5 12. Ndc4 d6 13. Ne3 Qe6 14. Nd3 c6 15. d5 Qf6 16. Qh5 Qg6 17. Qxg6 fxg6 18. Rad1 Bxe3 19. fxe3 Bg4 20. Rxf8+ Rxf8 21. Rd2 c5 22. Nf2 Bd7 23. Ne4 b6 24. Nxd6 Rf6 25. Ne4 Rf8 26. Nf2 Kf7 27. e4 Ke7 28. c4 b5 29. b3 bxc4 30. bxc4 Bc8 31. Nd3 Ba6 32. Nxc5 Bxc4 33. d6+ Kd8 34. h3 Rf1+ 35. Kh2 Rc1 36. d7 Rb1 37. Rc2 Bb5 38. Rf2 Rd1 39. Rf8+ 1-0

[Event "Mondariz IM"]
[Site "Mondariz"]
[Date "2018.08.26"]
[Round "3"]
[White "Villacorta Nicolas, David"]
[Black "Mihajlov, Sebastian"]
[Result "0-1"]
[WhiteElo "2159"]
[BlackElo "2382"]
[PlyCount "66"]
[EventDate "2018.08.24"]
[EventType "tourn"]
[EventRounds "9"]
[EventCountry "ESP"]
[EventCategory "1"]
[SourceTitle "CBM 186 Extra"]
[Source "ChessBase"]
[SourceDate "2018.08.24"]
[SourceVersion "1"]
[SourceVersionDate "2018.08.24"]
[SourceQuality "1"]

1. e4 e6 2. d4 d5 3. Nc3 Nf6 4. e5 Nfd7 5. f4 c5 6. Nf3 Be7 7. Be3 b6 8. Be2 Nc6 9. 0-0 0-0 10. Qd2 f5 11. exf6 Nxf6 12. Bb5 Bb7 13. Rae1 Bd6 14. Bxc6 Bxc6 15. Bf2 Ne4 16. Nxe4 Bxf4 17. Be3 dxe4 18. Ne5 Bxe5 19. dxe5 Qd5 20. Rxf8+ Rxf8 21. Qxd5 exd5 22. c3 Bb5 23. a4 Bxa4 24. b4 cxb4 25. cxb4 Bb5 26. Rc1 Bc4 27. h4 Rd8 28. Bd4 Kf7 29. e6+ Kxe6 30. Bxg7 e3 31. Bd4 e2 32. Bf2 Kf5 33. Be1 Ke4 0-1

[Event "Mondariz IM"]
[Site "Mondariz"]
[Date "2018.08.24"]
[Round "1"]
[White "Villacorta Nicolas, David"]
[Black "Rottenwohrer Suarez, Juan"]
[Result "1-0"]
[WhiteElo "2159"]
[BlackElo "2227"]
[PlyCount "97"]
[EventDate "2018.08.24"]
[EventType "tourn"]
[EventRounds "9"]
[EventCountry "ESP"]
[EventCategory "1"]
[SourceTitle "CBM 186 Extra"]
[Source "ChessBase"]
[SourceDate "2018.08.24"]
[SourceVersion "1"]
[SourceVersionDate "2018.08.24"]
[SourceQuality "1"]

1. e4 c5 2. Nf3 e6 3. d4 cxd4 4. Nxd4 Nc6 5. Nc3 Qc7 6. Be3 a6 7. f4 Nxd4 8. Qxd4 Nf6 9. Be2 d6 10. 0-0-0 b5 11. g4 Bb7 12. g5 e5 13. fxe5 dxe5 14. Nxb5 axb5 15. Bxb5+ Bc6 16. Bxc6+ Qxc6 17. Qxe5+ Be7 18. gxf6 gxf6 19. Qd5 Qxd5 20. exd5 Rxa2 21. Kb1 Ra6 22. c4 Bd6 23. Bd4 Rg8 24. c5 Bb8 25. Rhe1+ Kd8 26. d6 Rg6 27. Re7 Ra7 28. Rde1 Rxe7 29. Rxe7 f5 30. Rxf7 Bxd6 31. Bf6+ Ke8 32. cxd6 Kxf7 33. d7 Rxf6 34. d8Q f4 35. Qd7+ Kg6 36. Qg4+ Kf7 37. Qf3 Kg6 38. b4 Kg5 39. h3 h5 40. Kb2 Rf5 41. Kb3 Re5 42. h4+ Kf5 43. Qxh5+ Ke4 44. Qe2+ Kd4 45. Qf2+ Re3+ 46. Kc2 Ke4 47. Kd1 Rf3 48. Qe2+ Re3 49. Ke1 1-0

[Event "Xativa Murta op 4th"]
[Site "Xativa"]
[Date "2018.07.19"]
[Round "6"]
[White "Albuixec Sanz, Jorge"]
[Black "Villacorta Nicolas, David"]
[Result "0-1"]
[WhiteElo "1829"]
[BlackElo "2179"]
[PlyCount "120"]
[EventDate "2018.07.16"]
[EventType "swiss"]
[EventRounds "7"]
[EventCountry "ESP"]
[SourceTitle "CBM 185 Extra"]
[Source "ChessBase"]
[SourceDate "2018.07.29"]
[SourceVersion "1"]
[SourceVersionDate "2018.07.29"]
[SourceQuality "1"]

1. Nf3 Nf6 2. g3 g6 3. Bg2 Bg7 4. c4 d6 5. d4 0-0 6. Nc3 c5 7. 0-0 Nc6 8. d5 Na5 9. Qd3 a6 10. Re1 Rb8 11. e4 b5 12. cxb5 axb5 13. Bd2 b4 14. Nd1 Qb6 15. Ne3 Ba6 16. Qc2 Nd7 17. Rac1 c4 18. Ng4 h5 19. Be3 Qb7 20. Nh6+ Kh7 21. Ng5+ Kxh6 22. Nxf7+ Kh7 23. Ng5+ Kh8 24. e5 Nxe5 25. Qe4 c3 26. bxc3 Bd3 27. Qh4 Nac4 28. Bd4 bxc3 29. Rxc3 Bf6 30. Rxd3 Nxd3 31. Be4 Qd7 32. Bxd3 Qg4 33. Qxg4 hxg4 34. Bxc4 Bxd4 35. Re2 Rf5 36. Ne4 Rc8 37. Bb5 Rxd5 38. Bd7 Rc1+ 39. Kg2 Re5 40. Bxg4 d5 41. Nd2 Rxe2 42. Bxe2 Rc2 43. Nf3 Rxe2 44. Nxd4 Rxa2 45. Kf3 Kg7 46. h4 e5 47. Nc6 Kf6 48. Nb4 Ra3+ 49. Ke2 Ke6 50. Nd3 Ra2+ 51. Ke3 Ra3 52. Kd2 Kf5 53. f3 Ra2+ 54. Ke1 Ra1+ 55. Kd2 Ra2+ 56. Ke1 Ke6 57. Kf1 Rd2 58. Nf2 Ra2 59. Nd3 Kd6 60. Ke1 Rg2 0-1

[Event "Xativa Murta op 4th"]
[Site "Xativa"]
[Date "2018.07.17"]
[Round "3"]
[White "Villacorta Nicolas, David"]
[Black "Cruz Lledo, Pablo"]
[Result "1-0"]
[WhiteElo "2179"]
[BlackElo "2443"]
[PlyCount "87"]
[EventDate "2018.07.16"]
[EventType "swiss"]
[EventRounds "7"]
[EventCountry "ESP"]
[SourceTitle "CBM 185 Extra"]
[Source "ChessBase"]
[SourceDate "2018.07.29"]
[SourceVersion "1"]
[SourceVersionDate "2018.07.29"]
[SourceQuality "1"]

1. e4 c6 2. Nc3 d5 3. Nf3 Bg4 4. h3 Bxf3 5. Qxf3 e6 6. d4 Nf6 7. Bd3 Be7 8. e5 Nfd7 9. Qg4 g6 10. Ne2 c5 11. c3 Nc6 12. 0-0 Qb6 13. Qf4 0-0 14. Qg4 cxd4 15. cxd4 Nb4 16. Bb1 f5 17. Qg3 Rac8 18. Qb3 Qa6 19. Nf4 g5 20. Bd3 Nxd3 21. Nxd3 Rc4 22. Ne1 Rxd4 23. Bxg5 Nc5 24. Qe3 Re4 25. Qg3 f4 26. Bxf4+ Kh8 27. Bh6 Rf7 28. Nf3 Rc4 29. Ng5 Bxg5 30. Qxg5 Qb6 31. Qh5 Qc7 32. Rac1 Nd3 33. Rxc4 dxc4 34. f4 Qd7 35. Rf3 Rf5 36. Bg5 Qf7 37. Qh6 Qg6 38. Qh4 Nxe5 39. Rg3 Nf7 40. Be7 Qh6 41. Qg4 Qg6 42. Qf3 Ne5 43. Qc3 Qf7 44. Bd6 1-0

[Event "Xativa Murta op 4th"]
[Site "Xativa"]
[Date "2018.07.16"]
[Round "1"]
[White "Villacorta Nicolas, David"]
[Black "Lacomba Piqueras, Andres"]
[Result "1-0"]
[WhiteElo "2179"]
[BlackElo "1580"]
[PlyCount "79"]
[EventDate "2018.07.16"]
[EventType "swiss"]
[EventRounds "7"]
[EventCountry "ESP"]
[SourceTitle "CBM 185 Extra"]
[Source "ChessBase"]
[SourceDate "2018.07.29"]
[SourceVersion "1"]
[SourceVersionDate "2018.07.29"]
[SourceQuality "1"]

1. e4 c5 2. Nf3 Nc6 3. d4 cxd4 4. Nxd4 Nf6 5. Nc3 d6 6. h3 g6 7. g4 Bg7 8. Be3 Nxd4 9. Bxd4 e6 10. Bb5+ Bd7 11. g5 Nh5 12. Bxg7 Nxg7 13. Qxd6 Bxb5 14. Qxd8+ Rxd8 15. Nxb5 a6 16. Nc3 h6 17. gxh6 Rxh6 18. Rd1 Rxd1+ 19. Kxd1 Nh5 20. Ne2 e5 21. Kd2 Ng7 22. Ke3 Rh4 23. f3 Nh5 24. Kf2 Ke7 25. Kg2 f5 26. exf5 gxf5 27. Rd1 Nf6 28. Ng3 Ke6 29. Rd6+ Kxd6 30. Nxf5+ Ke6 31. Nxh4 Nd5 32. Kf2 Nf4 33. Kg3 Ne2+ 34. Kg4 Nd4 35. c3 Ne2 36. Ng2 Nc1 37. Ne1 Ne2 38. Nd3 Kd5 39. h4 e4 40. Nf4+ 1-0

[Event "ESP-ch U14"]
[Site "Granada"]
[Date "2016.07.16"]
[Round "9"]
[White "Perez Perez, Gabriel"]
[Black "Villacorta Nicolas, David"]
[Result "0-1"]
[WhiteElo "1817"]
[BlackElo "2035"]
[PlyCount "52"]
[EventDate "2016.07.11"]
[EventType "swiss"]
[EventRounds "9"]
[EventCountry "ESP"]
[SourceTitle "EXT 2024"]
[Source "ChessBase"]
[SourceDate "2023.10.10"]
[SourceVersion "1"]
[SourceVersionDate "2023.10.10"]
[SourceQuality "1"]

1. e4 e5 2. Nf3 Nc6 3. d4 exd4 4. Bc4 Bc5 5. c3 Nf6 6. e5 d5 7. Bb5 Ne4 8. cxd4 Bb6 9. Nc3 0-0 10. Be3 f5 11. exf6 Rxf6 12. Qe2 Ba5 13. Rc1 Bg4 14. h3 Bxf3 15. gxf3 Nxc3 16. bxc3 Qf8 17. f4 Re8 18. 0-0 Rxf4 19. Qh5 Rf5 20. Qh4 Re4 21. Qg3 Re6 22. Kh1 Rf3 23. Qg5 Rxh3+ 24. Kg1 Qf3 25. Qg2 Rg6 26. Bg5 Rxg5 0-1

[Event "Madrid San Viator op-A 26th"]
[Site "Madrid"]
[Date "2016.05.08"]
[Round "5"]
[White "Villacorta Nicolas, David"]
[Black "Calvo de Castro, Miguel"]
[Result "1-0"]
[WhiteElo "1976"]
[BlackElo "1759"]
[PlyCount "71"]
[EventDate "2016.04.03"]
[EventType "swiss"]
[EventRounds "9"]
[EventCountry "ESP"]
[SourceTitle "EXT 2017"]
[Source "ChessBase"]
[SourceDate "2016.10.25"]
[SourceVersion "1"]
[SourceVersionDate "2016.10.25"]
[SourceQuality "1"]

1. e4 c5 2. Nf3 Nc6 3. d4 cxd4 4. Nxd4 g6 5. c4 Bg7 6. Be3 Nf6 7. Nc3 Ng4 8. Qxg4 Nxd4 9. Qd1 e5 10. Be2 d6 11. 0-0 Nxe2+ 12. Qxe2 Be6 13. Rfd1 Qc8 14. Nb5 0-0 15. Nxd6 Qc6 16. c5 Rfd8 17. b4 Qa4 18. Qb5 Qxb5 19. Nxb5 Rxd1+ 20. Rxd1 Bxa2 21. Rd7 a5 22. bxa5 Bc4 23. Nd6 Be6 24. Rxb7 Rxa5 25. h3 Bf8 26. Rb5 Ra6 27. Nb7 Ra1+ 28. Kh2 Bd7 29. Rb6 Ra7 30. Nd8 Rc7 31. c6 Bc8 32. Rb8 Ba6 33. Bb6 Rc8 34. c7 Bd6 35. Nc6 Kg7 36. Rxc8 1-0

[Event "Madrid San Viator op-A 26th"]
[Site "Madrid"]
[Date "2016.04.24"]
[Round "4"]
[White "Campos Tores, Jose Luis"]
[Black "Villacorta Nicolas, David"]
[Result "0-1"]
[WhiteElo "1813"]
[BlackElo "1976"]
[PlyCount "94"]
[EventDate "2016.04.03"]
[EventType "swiss"]
[EventRounds "9"]
[EventCountry "ESP"]
[SourceTitle "EXT 2017"]
[Source "ChessBase"]
[SourceDate "2016.10.25"]
[SourceVersion "1"]
[SourceVersionDate "2016.10.25"]
[SourceQuality "1"]

1. e4 e5 2. d4 exd4 3. Qxd4 Nc6 4. Qe3 Nf6 5. Nc3 d6 6. Bd2 Be7 7. 0-0-0 0-0 8. Bc4 a6 9. f4 b5 10. Bd5 Nxd5 11. Nxd5 Be6 12. Nf3 Re8 13. Qc3 Qd7 14. g4 b4 15. Qd3 Reb8 16. b3 a5 17. Qc4 Bxd5 18. exd5 Nd8 19. Rde1 Rc8 20. Qe4 Bf8 21. Ng5 g6 22. f5 a4 23. fxg6 hxg6 24. Rhf1 axb3 25. Rxf7 Qxf7 26. Nxf7 Nxf7 27. axb3 Ra1+ 28. Kb2 Bg7+ 29. c3 bxc3+ 30. Bxc3 Bxc3+ 31. Kxc3 Rxe1 32. Qxe1 Ne5 33. Qe4 Rf8 34. Qa4 Kg7 35. Qd4 Rf3+ 36. Kb4 Rf4 37. Qxf4 Nd3+ 38. Kb5 Nxf4 39. Kc6 Kf6 40. Kxc7 Ke5 41. Kc6 Nxd5 42. h4 Nf6 43. b4 Nxg4 44. b5 Ke6 45. b6 Ne5+ 46. Kb5 Kd7 47. Ka6 Kc6 0-1

[Event "Madrid San Viator op-A 26th"]
[Site "Madrid"]
[Date "2016.04.17"]
[Round "3"]
[White "Villacorta Nicolas, David"]
[Black "De Juan Rivas, Antonio"]
[Result "1-0"]
[WhiteElo "1976"]
[BlackElo "1667"]
[PlyCount "53"]
[EventDate "2016.04.03"]
[EventType "swiss"]
[EventRounds "9"]
[EventCountry "ESP"]
[SourceTitle "EXT 2017"]
[Source "ChessBase"]
[SourceDate "2016.10.25"]
[SourceVersion "1"]
[SourceVersionDate "2016.10.25"]
[SourceQuality "1"]

1. e4 e6 2. d4 d5 3. Nc3 Bb4 4. e5 c5 5. a3 Bxc3+ 6. bxc3 Qc7 7. Bd2 Nc6 8. Nf3 cxd4 9. cxd4 Nge7 10. Bd3 Nf5 11. Bxf5 exf5 12. 0-0 Be6 13. Rb1 h6 14. h4 f6 15. exf6 gxf6 16. Re1 Qf7 17. Qe2 Nd8 18. Bb4 b6 19. c4 Qd7 20. Ne5 fxe5 21. Qxe5 Rh7 22. cxd5 Kf7 23. dxe6+ Qxe6 24. Qc7+ Kg8 25. Qxd8+ Rxd8 26. Rxe6 Rxd4 27. Rc1 1-0